<?xml version="1.0" encoding="UTF-8"?>
<collection xmlns="http://www.loc.gov/MARC21/slim">
 <record>
  <leader>00514pamaa2200157   4500</leader>
  <controlfield tag="001">0000013309</controlfield>
  <controlfield tag="005">20130626090000.0</controlfield>
  <datafield tag="020" ind1="0" ind2="0">
   <subfield code="a">1881493016 </subfield>
  </datafield>
  <datafield tag="082" ind1=" " ind2=" ">
   <subfield code="a">294.34422 LUS</subfield>
  </datafield>
  <datafield tag="090" ind1="0" ind2="0">
   <subfield code="a">BQ9800 </subfield>
   <subfield code="b">LUS 1993</subfield>
  </datafield>
  <datafield tag="100" ind1="1" ind2="0">
   <subfield code="a">LU </subfield>
  </datafield>
  <datafield tag="245" ind1="1" ind2="4">
   <subfield code="a">The mystical experiences of True Buddha deciplines  </subfield>
   <subfield code="c">Sheng-yen Lu; translated by Siong Ho; revised and edited by Janny Chow and K.C. Ng..</subfield>
  </datafield>
  <datafield tag="250" ind1="0" ind2="0">
   <subfield code="a">1st ed..</subfield>
  </datafield>
  <datafield tag="260" ind1="0" ind2="0">
   <subfield code="a">California: </subfield>
   <subfield code="b">Amitabha Enterprise, </subfield>
   <subfield code="c">1993.</subfield>
  </datafield>
  <datafield tag="300" ind1=" " ind2=" ">
   <subfield code="a">x, 167; </subfield>
   <subfield code="c">20 cm..</subfield>
  </datafield>
  <datafield tag="650" ind1="0" ind2="0">
   <subfield code="a">Religious life -- </subfield>
   <subfield code="x">Chen-fu(Sect) </subfield>
  </datafield>
 </record>
</collection>
